| 000 | 00574nam a2200217Ia 4500 | ||
|---|---|---|---|
| 003 | OSt | ||
| 005 | 20230509164756.0 | ||
| 008 | 210423s2001 xx 000 0 und d | ||
| 040 | _cAL | ||
| 041 | _aeng | ||
| 082 |
_a001.42 _223 _bKOTR |
||
| 100 |
_aKOTHARI (C R) _9101759 |
||
| 245 | _aResearch methodology: methods and techniques | ||
| 260 |
_aNew Delhi _bWishwa Prakashana _c2001 |
||
| 300 | _bPB | ||
| 365 |
_b105 _cINR |
||
| 650 |
_aGeneral _9101760 |
||
| 650 |
_aResearch _9101761 |
||
| 906 | _amethodology: ; methods ; Research ; techniques | ||
| 942 |
_2ddc _cBK |
||
| 999 |
_c171799 _d171799 |
||